Nombres Más Populares En España - Estadísticas

Estadísticas generales
  • Esta prueba ha sido intentada 306 veces
  • La puntuación promedio es 8 de 20
Estadísticas de respuestas
Hint Respuesta % Correcto
María
94%
Chica Lucía
72%
Paula
57%
Daniel
55%
Chico Martín
53%
Pablo
52%
Alejandro
49%
Hugo
46%
Sofía
44%
Manuel
41%
Martina
39%
Álvaro
37%
Lucas
37%
Mateo
32%
Julia
30%
Daniela
29%
Emma
20%
Leo
19%
Valeria
19%
Olivia
16%
No se encontraron pruebas coincidentes
Distribución de puntuación
Porcentaje de gente con cada puntuación
Porcentaje por número respondido
Historial de tus puntuaciones
No has intentado esta prueba.